Statistics for All Host Countries of FIFA World Cup (All Genders, All Age Cohorts)

Click here to take the quiz!

General Stats

  • This quiz has been taken 567 times
    (373 since last reset)
  • The average score is 70 of 89

Answer Stats

CompetitionYearAnswer% Correct
FIFA World Cup2014Brazil
99%
FIFA World Cup1950Brazil
99%
FIFA Women's World Cup2003United States
99%
FIFA Women's World Cup1999United States
99%
FIFA World Cup2026United States
99%
FIFA World Cup1994United States
99%
FIFA U-17 World Cup2011Mexico
97%
FIFA U-20 World Cup1983Mexico
97%
FIFA World Cup1970Mexico
97%
FIFA World Cup2026Mexico
97%
FIFA World Cup1986Mexico
97%
FIFA World Cup2018Russia
97%
FIFA U-20 Women's World Cup2006Russia
97%
FIFA U-20 World Cup2007Canada
96%
FIFA U-20 Women's World Cup2002Canada
96%
FIFA U-20 Women's World Cup2014Canada
96%
FIFA Women's World Cup2015Canada
96%
FIFA World Cup2026Canada
96%
FIFA U-17 World Cup1987Canada
96%
FIFA Women's World Cup2019France
96%
FIFA World Cup1998France
96%
FIFA World Cup1938France
96%
FIFA U-20 Women's World Cup2018France
96%
FIFA World Cup1934Italy
96%
FIFA World Cup1990Italy
96%
FIFA U-17 World Cup1991Italy
96%
FIFA World Cup2002Japan
96%
FIFA U-20 Women's World Cup2012Japan
96%
FIFA U-20 World Cup1979Japan
96%
FIFA U-17 World Cup1993Japan
96%
FIFA World Cup1930Uruguay
96%
FIFA U-17 Women's World Cup2018Uruguay
96%
FIFA Women's World Cup2011Germany
95%
FIFA World Cup2006Germany
95%
FIFA U-20 Women's World Cup2010Germany
95%
FIFA World Cup1982Spain
95%
FIFA World Cup1978Argentina
94%
FIFA U-20 World Cup2001Argentina
94%
FIFA U-17 World Cup2007Korea Republic
94%
FIFA World Cup2002Korea Republic
94%
FIFA U-20 World Cup2017Korea Republic
94%
FIFA World Cup2010South Africa
94%
FIFA World Cup1958Sweden
93%
FIFA Women's World Cup1995Sweden
93%
FIFA World Cup1966England
92%
FIFA World Cup2022Qatar
91%
FIFA U-20 World Cup1995Qatar
91%
FIFA U-20 World Cup1987Chile
90%
FIFA World Cup1962Chile
90%
FIFA U-17 World Cup2015Chile
90%
FIFA U-20 Women's World Cup2008Chile
90%
FIFA World Cup1954Switzerland
89%
FIFA Women's World Cup2007China
85%
FIFA Women's World Cup1991China PR
85%
FIFA U-17 World Cup1985China PR
85%
FIFA U-20 World Cup1981Australia
82%
FIFA U-20 World Cup1993Australia
82%
FIFA U-20 World Cup1991Portugal
77%
FIFA U-20 World Cup2011Colombia
75%
FIFA U-20 World Cup2019Poland
74%
FIFA U-20 World Cup2005Netherlands
73%
FIFA U-17 Women's World Cup2008New Zealand
67%
FIFA U-20 World Cup2015New Zealand
67%
FIFA U-17 World Cup1999New Zealand
67%
FIFA U-20 World Cup2009Egypt
65%
FIFA U-17 World Cup1997Egypt
65%
FIFA U-20 World Cup2013Turkey
64%
FIFA U-17 World Cup2019Peru
63%
FIFA U-17 World Cup2005Peru
63%
FIFA World Cup1974West Germany
61%
FIFA U-20 World Cup1989Saudi Arabia
60%
FIFA U-17 World Cup2017India
59%
FIFA U-17 World Cup2003Finland
52%
FIFA U-17 World Cup1989Scotland
52%
FIFA U-20 World Cup1999Nigeria
51%
FIFA U-17 World Cup2009Nigeria
51%
FIFA U-17 World Cup1995Ecuador
46%
FIFA U-20 World Cup2003United Arab Emirates
44%
FIFA U-17 World Cup2013United Arab Emirates
44%
FIFA U-20 World Cup1985Soviet Union
42%
FIFA U-17 Women's World Cup2014Costa Rica
38%
FIFA U-20 Women's World Cup2004Thailand
38%
FIFA U-20 World Cup1977Tunisia
36%
FIFA U-20 World Cup1997Malaysia
29%
FIFA U-20 Women's World Cup2016Papua New Guinea
17%
FIFA U-17 World Cup2001Trinidad and Tobago
15%
FIFA U-17 Women's World Cup2010Trinidad and Tobago
15%
FIFA U-17 Women's World Cup2016Jordan
13%
FIFA U-17 Women's World Cup2012Azerbaijan
10%

Score Distribution

Percentile by Number Answered

Percent of People with Each Score

Your Score History

You have not taken this quiz since the last reset